<?xml version="1.0" encoding="UTF-8"?><?xml-stylesheet type="text/xsl" href="static/style.xsl"?><OAI-PMH xmlns="http://www.openarchives.org/OAI/2.0/" xmlns:xsi="http://www.w3.org/2001/XMLSchema-instance" xsi:schemaLocation="http://www.openarchives.org/OAI/2.0/ http://www.openarchives.org/OAI/2.0/OAI-PMH.xsd"><responseDate>2026-04-17T13:53:47Z</responseDate><request verb="GetRecord" identifier="oai:www.recercat.cat:2072/421124" metadataPrefix="marc">https://recercat.cat/oai/request</request><GetRecord><record><header><identifier>oai:recercat.cat:2072/421124</identifier><datestamp>2024-10-29T16:41:05Z</datestamp><setSpec>com_2072_98</setSpec><setSpec>col_2072_378196</setSpec></header><metadata><record xmlns="http://www.loc.gov/MARC21/slim" xmlns:dcterms="http://purl.org/dc/terms/" xmlns:xsi="http://www.w3.org/2001/XMLSchema-instance" xmlns:doc="http://www.lyncode.com/xoai" xsi:schemaLocation="http://www.loc.gov/MARC21/slim http://www.loc.gov/standards/marcxml/schema/MARC21slim.xsd">
   <leader>00925njm 22002777a 4500</leader>
   <datafield ind2=" " ind1=" " tag="042">
      <subfield code="a">dc</subfield>
   </datafield>
   <datafield ind2=" " ind1=" " tag="720">
      <subfield code="a">Guardingo Melián, Mireia</subfield>
      <subfield code="e">author</subfield>
   </datafield>
   <datafield ind2=" " ind1=" " tag="720">
      <subfield code="a">Universitat Autònoma de Barcelona. Departament de Química</subfield>
      <subfield code="e">author</subfield>
   </datafield>
   <datafield ind2=" " ind1=" " tag="720">
      <subfield code="a">Universitat Autònoma de Barcelona. Facultat de Ciències</subfield>
      <subfield code="e">author</subfield>
   </datafield>
   <datafield ind2=" " ind1=" " tag="260">
      <subfield code="c">2011</subfield>
   </datafield>
   <datafield ind2=" " ind1=" " tag="520">
      <subfield code="a">En el nostre grup de recerca i en col·laboració amb el doctor Daniel Ruiz-Molina del Centre d'Investigació en Nanociència i Nanotecnologia (CIN2) d'aquest campus universitari, hem iniciat un projecte que es planteja aconseguir biomimetitzar certes proteïnes adhesives de mol·luscs, l'adherència de les quals es deu a la presència de la funcionalitat catecol. L'objectiu és poder desenvolupar nous materials adhesius basats en aquesta funcionalitat, per tant, és necessari posar a punt protocols sintètics per a l'obtenció de compostos tipus catecol convenientment substituïts. Concretament, en el present treball s'ha aconseguit la síntesi del nou catecol 10, que incorpora en la seva estructura una cadena alquílica acabada en la funcionalitat tiol, amb la finalitat de desenvolupar, més endavant, superfícies o nanopartícules d'or adhesives. En el transcurs d'aquest treball s'ha sintetitzat 4-(6'-mercaptohexil)catecol 10 en una síntesi de tipus convergent l'etapa clau de la qual és una reacció de Wittig entre la sal de fosfoni 11 i l'aldehid 20. La síntesi desenvolupada consta de 9 etapes i s'ha obtingut un rendiment global del 2%.</subfield>
   </datafield>
   <datafield tag="653" ind2=" " ind1=" ">
      <subfield code="a">Catecolamines Síntesi</subfield>
   </datafield>
   <datafield ind2="0" ind1="0" tag="245">
      <subfield code="a">Síntesi de nous catecols amb aplicació en materials adhesius bioinspirats</subfield>
   </datafield>
</record></metadata></record></GetRecord></OAI-PMH>